ბათუმის შოთა რუსთაველის სახელმწიფო უნივერსიტეტის ბიბლიოთეკა

ინგლისური საგაზეთო - საინფორმაციო ტექსტის სტილის თავისებურებანი : დიასერტაცია / (ბიბ.ჩანაწერი № 52003)

000 -ლიდერი
ფიქსირებული სიგრძის საკონტროლო ველი 01446nam a2200241Ia 4500
001 - საკონტროლო ნომერი
საკონტროლო ველი 19007
003 - საკონტროლო ნომრის იდენტიფიკატორი
საკონტროლო ველი GE_BSU
005 - ბოლო ოპერაციის თარიღი და დრო
საკონტროლო ველი 20220920123318.0
008 - ფიქსირებული სიგრძის მონაცემთა ელემენტები - ზოგადი ინფორმაცია
ფიქსირებული სიგრძის საკონტროლო ველი 181216s2009||||ge |||||||||||||| ||geo||
040 ## - კატალოგიზაციის წყარო
Transcribing agency GE_BSU
041 ## - ენის კოდი
Language code of text/sound track or separate title geo
080 ## - უნივერსალური ათობითი კლასიფიკაციის ინდექსი
Universal Decimal Classification number 82 დ-72
100 ## - მთავარი ჩანაწერი - პიროვნების სახელი
Personal name დოლიძე, თ.
9 (RLIN) 1949
245 ## - ცნობა სათაურის შესახებ
Title ინგლისური საგაზეთო - საინფორმაციო ტექსტის სტილის თავისებურებანი : დიასერტაცია /
Statement of responsibility, etc თ. დოლიძე; მეცნ. ხელმძღვ. მ. მეგრელიშვილი; ბათუმის შოთა რუსთაველის სახელმწიფო უნივერსიტეტი.
264 ## - წარმოების, გამოცემის, დისტრიბუციის და სხვა ცნობები
გამოცემის, წარმოების, დისტრიბუციის... ადგილი ბათუმი :
გამოცემის, წარმოების, დისტრიბუციის... სახელწოდება ბსუ,
გამოცემის, წარმოების, დისტრიბუციის... თარიღი 2009.
300 ## - ფიზიკური აღწერა
Extent 140 გვ. ;
Other physical details 30 სმ.
653 ## - INDEX TERM--UNCONTROLLED
Uncontrolled term დისერტაცია
653 ## - INDEX TERM--UNCONTROLLED
Uncontrolled term ინგლისური საგაზეთო-საინფორმაციო ტექსტის სტილის თავისებურებანი
653 ## - INDEX TERM--UNCONTROLLED
Uncontrolled term ლიტმცოდნეობა
700 ## - ADDED ENTRY--PERSONAL NAME
Personal name მეგრელიშვილი, მ.
Relator term მეცნ. ხელმძღვანელი
9 (RLIN) 10605
710 ## - ADDED ENTRY--CORPORATE NAME
Corporate name or jurisdiction name as entry element ათუმის შოთა რუსთაველის სახელმწიფო უნივერსიტეტი.
9 (RLIN) 10468
942 ## - ADDED ENTRY ELEMENTS (KOHA)
Koha item type წიგნი
Source of classification or shelving scheme
ეგზემპლარები
ჩამოწერის სტატუსი დაკარგული ეგზემპლარის სტატუსი კლასიფიკაციის წყარო ან თაროზე გაწყობის სქემა დაზიანების სტატუსი არ გაიცემა მუდმივი მდებარეობა (დაცვის ადგილი) ამჟამინდელი ადგილსამყოფელი თაროზე განთავსების ადგილი შეძენის თარიღი სრული შენახვის შიფრი შტრიხკოდი ბოლო ოპერაციის თარიღი ეგზემპლარის მიმდევრობითი ნომერი (კეტერი?) ფასის ძალაში შესვლის თარიღი ეგზემპლარის სახეობა
          ბათუმის შოთა რუსთაველის სახელმწიფო უნივერსიტეტის მთავარი ბიბლიოთეკა ბათუმის შოთა რუსთაველის სახელმწიფო უნივერსიტეტის მთავარი ბიბლიოთეკა წიგნსაცავი 2018-12-17 82 დ-72 51 დისერტ. 2018-12-17 51 2018-12-17 დისერტაცია